000 01236nmm a22002057a 4500
999 _c5255
_d5255
003 OSt
005 20241007140453.0
008 191018e xxu|||||o||d| 00| 0 spa d
040 _cPJ
100 _aDocimo, Roberto Arturo
_96308
245 1 3 _aLa IA como herramienta útil para la gestión de los riesgos legales /
_bRoberto Arturo Docimo.
260 _aCiudad Autónoma de Buenos Aires :
_bAlbremática,
_c2024.
300 _a11 p.
500 _aDoctrina de elDial.com Cita digital: DC34DF
505 _a“La integración de la IA en la Gestión de Riesgos Legales representa una transformación significativa para el ámbito jurídico y empresarial. En este artículo se analiza cómo ésta puede mejorar la eficiencia, precisión y capacidad predictiva en la identificación y mitigación de riesgos, conforme los estándares establecidos en las ISO 31000:2018 y 31022:2020. También se identifican los desafíos cruciales relacionados con la privacidad, la seguridad y los sesgos en los datos y algoritmos.”
505 _tSi te interesa el texto completo, solicitalo a: koha@justierradelfuego.gov.ar
650 0 _95817
_aINTELIGENCIA ARTIFICIAL
650 0 _94023
_aNUEVAS TECNOLOGIAS DE INFORMACION
942 _2udc
_cARE